|
|
|
|
| LEADER |
00000cam a2200000 7i4500 |
| 001 |
0000001609 |
| 002 |
000001757 |
| 005 |
20000330.0 |
| 020 |
|
|
|a 0452270553
|
| 090 |
0 |
0 |
|a 613.25
|b MOL
|
| 100 |
1 |
|
|a Molen, Art
|f Dr
|
| 245 |
1 |
0 |
|a Dr.Mollen's anti-aging diet :
|b The breakthrough pr ogram for easy weight loss and longevity
|c Dr. art Mollen and Judith Sachs
|
| 260 |
|
|
|a New York :
|b Penguin Group ,
|c 1993
|
| 300 |
|
|
|a 291p. ;
|c 20cm.
|
| 650 |
0 |
0 |
|a Low-protein diet
|
| 650 |
0 |
0 |
|a Reducing diets
|
| 700 |
1 |
|
|a Sachs, Judith
|
| 999 |
|
|
|a 034523
|b BUKU
|c PINJAMAN
|e PERPUSTAKAAN KOMUNITI PETALING JAYA
|